| 000 | 02037cam a22004574i 4500 | ||
|---|---|---|---|
| 003 | PE-LiUPU | ||
| 005 | 20250731173314.0 | ||
| 008 | 150616s1973 sp rb 000 0 spa d | ||
| 035 | _a(Sirsi) a3729 | ||
| 040 |
_aPE-LiUPU _bspa _cPE-LiUPU _erda |
||
| 049 | _aPRUA | ||
| 082 | 0 | 4 |
_a291 _bB58 _221 |
| 100 | 1 |
_aBleeker, C. Jouco, _eautor. |
|
| 245 | 1 | 0 |
_aHistoria Religionum : _bmanual de historia de las religiones / _cC. Jouco Bleeker. |
| 264 | 1 |
_aMadrid : _bEdiciones Cristiandad, _c1973. |
|
| 300 |
_a668 páginas ; _c24 centímetros. |
||
| 336 |
_atext _2rdacontent |
||
| 337 |
_aunmediated _2rdamedia |
||
| 338 |
_avolume _2rdacarrier |
||
| 504 | _aIncluye bibliografía. | ||
| 505 | 0 | _aProlegómenos: la crítica de las fuentes y la vida de los grandes fundadores -- Religión prehistórica -- La religión del antiguo Egipto -- La religión de la antigua Mesopotamia -- La religión de la antigua Siria -- Religión judeo-israelita -- La religión de los hititas -- La religión del antiguo Irán -- Religión griega -- Religión romana -- Religiones helenísticas -- Gnosticismo -- Maniqueísmo -- La religión de los germanos -- La religión de los celtas -- La religión de los eslavos -- La antigua religión mexicana -- La religión del Perú precolombino. | |
| 526 | _aSEG42 | ||
| 526 | _aSEG41 | ||
| 526 | _aSEG40 | ||
| 526 | _aSEG39 | ||
| 526 | _aP94 | ||
| 526 | _aP87 | ||
| 526 | _aP86 | ||
| 526 | _aP85 | ||
| 526 | _aP77 | ||
| 526 | _aP76 | ||
| 526 | _aP35 | ||
| 650 | 1 | 4 |
_aReligiones _xHistoria. |
| 910 | _ajck | ||
| 942 |
_2ddc _cBK |
||
| 949 |
_a291 B58 _wDEWEY _c1 _i37536 _lCCODEBUL1 _mBUL _pdollar50 _r0 _sY _tBOOK _u19751127 _xTEOLOGIA _0COMPRA _o.STAFF. Colección General |
||
| 949 |
_a291 B58 _wDEWEY _c2 _i14224 _lCCODEBUL1 _mBUL _p00.00 _r0 _sY _tBOOK _u2015-04-23 _xTEOLOGIA _zUNKNOWN _0COMPRA _o.STAFF. Colección General |
||
| 999 |
_c45456 _d45456 |
||
| 980 |
_81 _gALBERTO SANCHEZ Responsable de Automatización |
||